| 000 | 01745nam a2200325 i 4500 | ||
|---|---|---|---|
| 003 | EG-GICUC | ||
| 005 | 20260129035300.0 | ||
| 008 | 260129s1989 ua ||||fr|||| 00| 0 ara d | ||
| 017 | _a٧٦٢٣ / ٨٨ | ||
| 040 |
_a EG-GICUC _bara _c EG-GICUC _d EG-GICUC _erda |
||
| 041 | 0 | _aara | |
| 082 | 0 | 4 |
_221 _a345 _bم ح . م |
| 092 | 0 | 4 | _221 |
| 099 | _aLaw1 07 345 م ح . م 1 ed - 1989 | ||
| 100 | 0 |
_aمحمود عبد الحكيم عبد الرسول _eمؤلف. |
|
| 245 | 1 | 2 |
_aالمرجع : _bفي شرح قانون المباني الجديد / _cمحمود عبد الحكيم عبد الرسول. |
| 250 | _aالطبعة الأولى | ||
| 264 | 1 |
_aبورسعيد : _bدار الكريم ، _c1989. |
|
| 300 |
_a423 صفحة؛ _c24 سم. |
||
| 336 |
_2rda content _atext |
||
| 337 |
_2rda media _aComputer |
||
| 338 |
_2rda carrier _aOnline Resource |
||
| 504 | _aيشتمل على إرجاعات ببليوجرافية. | ||
| 505 | _a-يتناول بالتفصيل -المشكلات العملية في التصالح في المباني -جريمة إستئناف أعمال البناء السابق وقفها بالطريق الإداري -جريمة البناء بدون ترخيص والجرائم الملحقة بها -جريمة البناء خارج خط التنظيم -جريمة البناء المخالف للمواصفات -جريمة البناء على أرض غير مقسمة -جريمة البناء المخالف للرسومات -جريمة البناء دون وضع لافتة. | ||
| 546 | _aالنص باللغة العربية | ||
| 650 | 1 | 4 | _aالقانون الإداري |
| 856 | 4 | 0 | _uhttps://fll.law.cu.edu.eg/fulltext/bks/B07-03092.pdf |
| 905 | _a32 | ||
| 942 |
_2ddc _cBK _e21 _n0 |
||
| 999 |
_c60032 _d60032 |
||